| 000 | 00620nam 22001693 4500 | ||
|---|---|---|---|
| 001 | 201724 | ||
| 090 | _a201724 | ||
| 100 | _a20260409d u||y0pory50 ba | ||
| 200 |
_aHistória da literatura infantil portuguesa _fMaria Laura Bettencourt Pires |
||
| 210 |
_aLisboa _cVega _d1979 |
||
| 215 |
_a149 p. _cbrochado _d23 cm |
||
| 606 |
_911269 _aQuestões gerais em linguística e literatura. Filologia |
||
| 675 |
_a82.09 _vPT _zpor |
||
| 700 |
_aPires _bMaria Laura Bettencourt _cprofessora catedrática especializada em Estudos Ingleses e Americanos _f1932- _917092 |
||
| 801 |
_aPT _bBMMN _gRPC |
||
| 830 |
_cFernando _fFernando |
||
| 990 | _cLIVROS | ||